| 000 | 00974nam a2200229Ia 4500 | ||
|---|---|---|---|
| 999 |
_c40243 _d40243 |
||
| 001 | 6851 | ||
| 003 | GE_BSU | ||
| 005 | 20200115173813.0 | ||
| 008 | 181216s1966||||ge |||||||||||||| ||geo|| | ||
| 040 | _cGE_BSU | ||
| 041 | _ageo | ||
| 080 | _a821.353.1-32 გ-61 | ||
| 100 |
_aგოგოლაძე, თენგიზ. _bრედაქტორი _96134 |
||
| 245 |
_aკაცი კაცითა წიგნი I : _bრომანი / _cთენგიზ გოგოლაძე ; რედ. გრ. ჩიქოვანი. |
||
| 264 |
_aთბილისი : _bლიტერატურა და ხელოვნება, _c1966. |
||
| 300 |
_a392 გვ. ; _c20 სმ. |
||
| 490 | _aთანამედროვე ქართული რომანი | ||
| 653 | _aკაცი კაცითა | ||
| 653 | _aრომანი | ||
| 700 |
_aჩიქოვანი, გრ. _eრედაქტორი _93717 |
||
| 942 |
_cBK _2udc |
||